LEADER 01046nam0 22003131i 450 001 RML0294928 005 20231121125739.0 010 $a047126461X 100 $a20121121d2004 ||||0itac50 ba 101 | $aeng 102 $aus 181 1$6z01$ai $bxxxe 182 1$6z01$an 200 1 $aHighway engineering$fPaul H. Wright, Karen Dixon 205 $a7. ed 210 $aHoboken $cWiley $dc2004 215 $aVII, 677 p.$d26 cm. 606 $aIngegneria delle autostrade$2FIR$3RMLC385185$9I 676 $a625.7$9$v21 700 1$aWright$b, Paul H.$3RMLV190460$0748951 701 1$aDixon$b, Karen$3RMLV190459$01445384 801 3$aIT$bIT-01$c20121121 850 $aIT-FR0099 899 $aBiblioteca Area Ingegneristica$bFR0099 912 $aRML0294928 950 0$aBiblioteca Area Ingegneristica$d 54DMS 625.7 WRI$e 54VM 0000646295 VM barcode:BAIN001694. - Inventario:2101MVM$fA $h20061117$i20121204 977 $a 54 996 $aHighway engineering$93628773 997 $aUNICAS LEADER 02412nam0 22004693i 450 001 MIL0269729 005 20251003044230.0 100 $a20161003d1994 ||||0itac50 ba 101 | $aita 102 $ait 181 1$6z01$ai $bxxxe 182 1$6z01$an 183 1$6z01$anc$2RDAcarrier 200 1 $aˆUn ‰anno di PAC$egli effetti della riforma sull'economia agricola italiana \ [rapporto realizzato da Ismea$acon il contributo di C.S.I.A., Consorzio per il sistema informativo dell'Aima] 210 $a[s.l.$cs.n.]$d1994$eRoma$gDimensione stampa 215 $a119 p.$cill.$d30 cm 300 $aIn copertina: Veronafiere. 517 1 $aˆUn ‰anno di politica agricola comunitaria$9NAP0963897 606 $aEconomia agraria$xItalia$2FIR$3CFIC043568$9E 606 $a COMUNITA EUROPEE$xPOLITICA AGRARIA$xEFFETTI SULL'ECONOMIA ITALIANA$2FIR$3MILC074881$9I 606 $aITALIA$xECONOMIA$xEFFETTI DELLA POLITICA AGRARIA COMUNITARIA$2FIR$3MILC074884$9I 676 $a338.181$9PRODUZIONE. Agricoltura. Politiche agricole internazionali$v23 696 $aEconomia agricola 696 $aEconomia reale$aAttività economiche$aAspetti economici 699 $aEconomia agraria$yEconomia agricola 699 $aEconomia$yEconomia reale 699 $aEconomia$zAttività economiche 699 $aEconomia$zAspetti economici 710 02$aISMEA$3CFIV063043$4070$0354033 712 02$aConsorzio per il sistema informativo dell'Aima$3MILV154941 791 02$aIstituto per studi ricerche e informazioni sul mercato agricolo$3CFIV063044$zISMEA 791 02$aIstituto di servizi per il mercato agricolo alimentare$3UFIV147117$zISMEA 801 3$aIT$bIT-000000$c20161003 850 $aIT-BN0095 $aIT-NA0299 901 $bNAP 01$cPOZZO LIB.$nVi sono collocati fondi di economia, periodici di ingegneria e scienze, periodici di economia e statistica e altri fondi comprendenti documenti di economia pervenuti in dono. 901 $bNAP AG$cF.AVOLIO $n$ 912 $aMIL0269729 950 0$aBiblioteca Centralizzata di Ateneo$b1 v.$c1 v.$d 01POZZO LIB.ECON MON 10040$e 0101 0060070385E VMA 1 v. (Precedente collocazione DASES 124)$fB $h20231013$i20231013 977 $a 01$a AG 996 $aCon il contributo di C.S.I.A., Consorzio per il sistema informativo dell'Aima$93569462 996 $aAnno di PAC$9395162 997 $aUNISANNIO